| 000 | 00378 a2200145 4500 | ||
|---|---|---|---|
| 005 | 20250625123214.0 | ||
| 020 | _a978-0-07-298290-9 | ||
| 082 | _a428.40711 SPE | ||
| 100 | _aSPEARS, D | ||
| 245 | _aDeveloping Critical Readin Skills | ||
| 250 | _a7th Ed. | ||
| 260 |
_aBoston _bMcGraw-Hill Irwin _c2006. |
||
| 300 |
_axxiii,537p.: ill.; picctures _bIndex _c23cm |
||
| 942 |
_2ddc _cBKS |
||
| 999 |
_c5047 _d5047 |
||